000
002290000a22000970004500
100
1
_a
Witherington, Ben
245
1
0
_a
Waiting for kingdom come
300
_a
Vol. 17, Núm 3 (1999), Páginas 76-81
773
0
_t
Evangel
942
_c
ANA
999
_c
54437
_d
54437